| 000 | 00864nam a2200265Ia 4500 | ||
|---|---|---|---|
| 999 |
_c49538 _d49538 |
||
| 001 | 16467 | ||
| 003 | GE_BSU | ||
| 005 | 20230313120111.0 | ||
| 008 | 181216s2012||||fr |||||||||||||| ||fre|| | ||
| 020 | _a978-2011558114 | ||
| 040 | _cGE_BSU | ||
| 041 | _afre | ||
| 080 | _a811.133.1A-44 | ||
| 245 |
_aAlter Ego + A1 : _bCahier d'activités methode de francais / _cAnnie Berthet, Emanuel daill, Caterine Hugont, Monique Waendendries. ` |
||
| 264 |
_aParis : _bHachette Français Langue Etrangère, _c2012. |
||
| 300 |
_a128 pages : _bill.; _c28 cm. _e+1 CD Audio. |
||
| 541 | _h59gel. | ||
| 653 | _aAlter Ego + A1 | ||
| 653 | _aფრანგული ენა | ||
| 653 | _aგრამატიკა | ||
| 700 |
_adaill, Emanuel _eby _917181 |
||
| 700 |
_aHugont, Caterine _eby _917182 |
||
| 700 |
_aWaendendries, Monique _eby _917183 |
||
| 942 |
_cBK _2udc |
||